00545nam a2200169 4500003001100000005001700011008004100028020001500069040003900084041000800123082001600131100002800147245010000175260004000275300002300315650003700338LK-CoMWRAF20231207122118.0231125b2002 |||||||| |||| 00| 0 eng d a9559151258 aLK-CoMWRAFdLK-CoMWRAFeLK-CoMWRAF aeng a348.04bHUS aHussain, M. S. Mohammed a Hussain's complete digest of case law of Sri Lanka : 1820-2000, bVol-12 Hire to justification aKandy : bArafa (Pvt.) Ltd., c2002 axvi, 636 p.; 26 cm aLaw reports, digests, -Sri Lanka